000
00280nam a22001097a 4500
020
_a
9788126136568
082
_a
631.587
_b
CHO/IR
100
_a
Choudhary, Dewasish
245
_a
Irrigation theory and practice
260
_a
New Delhi
_b
Anmol Publications Pvt. Ltd
_c
2008
942
_c
BK
999
_c
13763
_d
13763